000 00932cam a2200253 a 4500
001 C01015007c-7
003 CO-ViMGA
005 20230915233126.0
008 030906s2003 ck a r 00010 spa d
020 _a9589655564
040 _aCO-ViMGA
_bspa
_cCO-ViMGA
043 _as-ck---
082 0 4 _a364.15
_bF85t
_220 ed.
110 2 _aFundación Esperanza.
_92806
245 1 0 _aTráfico de Personas :
_bnaufragio de sueños /
_cFundación Esperanza, contenidos María Cristina Agudo Rodríguez ... [et.al].
260 _aBogotá :
_bFundación Esperanza,
_c2003.
300 _a152 p. :
_bil. ;
_c27 cm.
504 _aIncluye bibliografías.
650 1 4 _aDerechos humanos
_z Colombia
_x Legislación.
_92808
650 1 4 _aTráfico ilegal de personas
_z Colombia
_x Legislación.
_92807
650 6 _aViolación de los derechos humanos
_z Colombia.
_92809
700 1 _aMar a Cristina Agudo Rodríguez.
_92810
942 _2ddc
_cBK
999 _c35357
_d35357